Моделирование процессов подготовки конденсата в среде HYSYS; Нефтяное хозяйство; № 3

Manylion Llyfryddiaeth
Parent link:Нефтяное хозяйство: научно-технический производственный журнал.— , 1925-1940, 1946-.— 0028-2448
№ 3.— 2004.— С. 56-58
Prif Awdur: Щербинин И. А.
Awduron Eraill: Уржумова О. М., Суллагаев А. В.
Iaith:Rwseg
Cyhoeddwyd: 2004
Cyfres:Информационные технологии
Pynciau:
Fformat: MixedMaterials Pennod Llyfr
KOHA link:https://koha.lib.tpu.ru/cgi-bin/koha/opac-detail.pl?biblionumber=392412

MARC

LEADER 00000naa2a2200000 4500
001 392412
005 20231101064248.0
035 |a (RuTPU)RU\TPU\prd\27727 
090 |a 392412 
100 |a 20040910a2004 k y0rusy50 ca 
101 0 |a rus 
102 |a RU 
200 1 |a Моделирование процессов подготовки конденсата в среде HYSYS  |f И. А. Щербинин, О. М. Уржумова, А. В. Суллагаев 
225 1 |a Информационные технологии 
461 1 |0 (RuTPU)RU\TPU\prd\1638  |x 0028-2448  |t Нефтяное хозяйство  |o научно-технический производственный журнал  |d 1925-1940, 1946- 
463 1 |0 (RuTPU)RU\TPU\prd\25410  |t № 3  |v С. 56-58  |d 2004 
610 1 |a моделирующие программы 
610 1 |a конденсат 
610 1 |a подготовка 
610 1 |a деэтанизация 
610 1 |a стабилизация 
610 1 |a модельные процессы 
610 1 |a исследования 
610 1 |a программа HYSYS 
610 1 |a преимущества 
675 |a 681.518  |v 3 
700 1 |a Щербинин  |b И. А. 
701 1 |a Уржумова  |b О. М. 
701 1 |a Суллагаев  |b А. В. 
801 1 |a RU  |b 63413507  |c 20040910  |g PSBO 
801 2 |a RU  |b 63413507  |c 20131028  |g RCR 
942 |c BK